The intensity of tyrosine nitration is associated with selenite and selenate toxicity in Brassica juncea L.

Elmentve itt :
Bibliográfiai részletek
Szerzők: Molnár Árpád
Feigl Gábor
Trifán Vanda
Ördög Attila
Szőllősi Réka
Erdei László
Kolbert Zsuzsanna
Dokumentumtípus: Cikk
Megjelent: 2018
Sorozat:ECOTOXICOLOGY AND ENVIRONMENTAL SAFETY 147 No. C
doi:10.1016/j.ecoenv.2017.08.038

mtmt:3261874
Online Access:http://publicatio.bibl.u-szeged.hu/11971
LEADER 00958nab a2200265 i 4500
001 publ11971
005 20200101060006.0
008 170921s2018 hu o 0|| zxx d
022 |a 0147-6513 
024 7 |a 10.1016/j.ecoenv.2017.08.038  |2 doi 
024 7 |a 3261874  |2 mtmt 
040 |a SZTE Publicatio Repozitórium  |b hun 
041 |a zxx 
100 1 |a Molnár Árpád 
245 1 4 |a The intensity of tyrosine nitration is associated with selenite and selenate toxicity in Brassica juncea L.  |h [elektronikus dokumentum] /  |c  Molnár Árpád 
260 |c 2018 
300 |a 93-101 
490 0 |a ECOTOXICOLOGY AND ENVIRONMENTAL SAFETY  |v 147 No. C 
700 0 1 |a Feigl Gábor  |e aut 
700 0 1 |a Trifán Vanda  |e aut 
700 0 1 |a Ördög Attila  |e aut 
700 0 1 |a Szőllősi Réka  |e aut 
700 0 1 |a Erdei László  |e aut 
700 0 1 |a Kolbert Zsuzsanna  |e aut 
856 4 0 |u http://publicatio.bibl.u-szeged.hu/11971/1/Molnar_manuscript_repozitoriumba_u.pdf  |z Dokumentum-elérés